| 000 | 01469nam a22002777a 4500 | ||
|---|---|---|---|
| 999 |
_c7840 _d7840 |
||
| 003 | AR-CdUCM | ||
| 008 | 190321b ||||| |||| 00| 0 spa d | ||
| 040 |
_aMUNICIPALIDAD PROVINCIAL DEL CUSCO _cBIBLIOTECA MUNICIPAL DEL CUSCO |
||
| 082 |
_a985.008 / _bC73 |
||
| 110 |
_aComisión nacional de sesquicentenario de la independencia del Perú _922172 |
||
| 245 | _aConspiraciones y rebeliones del siglo XIX / | ||
| 260 |
_aLima : _bComisión nacional del sesquicentenario de la independencia del Perú, _c1971. |
||
| 300 |
_a8 tomos _bfotografías. _c24 cm. _emapas. |
||
| 440 |
_aColección documental de la independencia del Perú _921856 |
||
| 505 | _aContenido: v.1: La revolución de Huánuco, Panatahuas, y Huamalíes de 1812 -- v.2: La revolución de Huánuco, Panatahuas, y Huamalíes de 1812 -- v.3: La revolución de Huánuco, Panatahuas, y Huamalíes de 1812 -- v.4: La revolución de Huánuco, Panatahuas, y Huamalíes de 1812 -- v.5: La revolución de Huánuco, Panatahuas, y Huamalíes de 1812 -- v.6: Revolución del Cuzco de 1814 -- v.7: Revolución del Cuzco de 1814 -- v.8: Revolución del Cuzco de 1814. | ||
| 650 |
_aSesquicentenario. _922173 |
||
| 650 |
_aIndependencia. _9625 |
||
| 650 |
_aHermanos Angulo. _93833 |
||
| 650 |
_aRevolución. _9844 |
||
| 650 |
_aHuanuco. _91885 |
||
| 650 |
_aIndependencia. _9625 |
||
| 700 |
_aAparicio Vega, Manuel Jesus _91304 |
||
| 700 |
_aDumbar Temple, Ella _922174 |
||
| 942 |
_2ddc _cLIBROS |
||
| 945 | _awfj | ||